000 00458nam a2200169Ia 4500
005 20250423101533.0
008 250422s9999 xx 000 0 und d
020 _a0- 07- 064274- 5
050 _aHF 5415 .155 .T49/
100 _aPhilip R. Thomas
245 0 _aTime warrior: using total cycle time system to boost personal competitiveness
260 _bMCGraw- Hill
260 _c1992
300 _a197 p
650 _aProduct management
942 _cBK
999 _c36578
_d36578